000 00951nam a22003257a 4500
001 0036545
003 KOHA_MİRAKIL
005 20260207003010.0
007 ta
008 120430b2006 tu a|||gr||||#||||0|tur |
020 _a9755230300
040 _aTR-BiSEU
_btur
_cTR-BiSEU
_erda
041 0 _atur
044 _ctu
050 _aTA775
_b.B57 2006
100 1 _aBirand, Altay A..
245 1 _aDuvarlar/
_cAltay A. Birand ; Altay A. Birand.
264 1 _aAnkara :
_bTeknik Yayınevi
_c2006
300 _ac., XIII, 175 sayfa :
_bres
336 _ametin
_btxt
_2rdacontent
337 _aaracısız
_bn
_2rdamedia
338 _acilt
_bnc
_2rdacarrier
490 0 _aTeknik yayınevi mühendislik ve mimarlık yayınları
500 _aDizin var.
500 _aKaynakça var.
650 0 _aDuvarlar.
_935857
650 0 _aTemeller.
_91544
830 0 _aTeknik yayınevi mühendislik ve mimarlık yayınları
_969217
942 _2lcc
_cBK
999 _c36437
_d36437